Catálogo Biblioteca Central

Vista normal Vista MARC
  • Cabrera, Hashim

Entrada Nombre personal

Número de registros utilizados en: 1

001 - NÚMERO DE CONTROL

  • Campo de control: 119913

003 - IDENTIFICADOR DE NÚMERO DE CONTROL

  • Campo de control: ES-MaBCM

005 - FECHA Y HORA DE LA ULTIMA MODIFICACION

  • Campo de control: 20160406125241.0

008 - ELEMENTOS DE DATOS DE LONGITUD FIJA

  • Campo de longitud fija: 160406|| aca||aabn | a|a d

040 ## - FUENTE DE LA CATALOGACIÓN

  • Agencia original de catalogación: ES-MaBCM

100 1# - ENCABEZAMIENTO--NOMBRE DE PERSONA

  • Nombre personal: Cabrera, Hashim
  • Fechas asociadas a un nombre: 1954-